000 00778nam a22002177a 4500
999 _c22406
_d22406
003 OSt
005 20220606092236.0
008 220602b ||||| |||| 00| 0 spa d
020 _a9789972663888
040 _cBiblioteca Municipal de Cusco
082 _a869.56/P133V
_bP133V
100 _aPacheco Medrano, Karina
_d1969-
_eautor
_948059
245 _aLa voluntad del molle /
_cKarina Pacheco Medrano ; prólogo de Fernando Iwasaki
250 _aPrimera edición, segunda reimpresión
260 _aLima :
_bFondo de Cultura Económica,
_bEditorial Súper Gráfica,
_c2020.
300 _a268 páginas. :
_c21 cm.
490 _aTierra firme
650 _aNovelas peruanas
_ySiglo XX
_947961
700 _aIwasaki Cauti, Fernando
_d1961-
_eprologuista
_948060
942 _2ddc
_cLIBROS